000 00281nam a22001337a 4500
008 170623b xxu||||| |||| 00| 0 eng d
020 _a156000620-X
041 _aeng
080 _a32
100 _a21
101 _aSHP
245 _aTHE BLOODY FLAG
_cPILON,J.G
942 _2udc
_cBK
999 _c19077
_d19077